000 00780nam a22002417a 4500
003 OSt
005 20160429095144.0
008 151112b xxu||||| |||| 00| 0 eng d
020 _a978-971-23-6500-3
040 _cLIC
082 _22013
_aDFil 371.26
_bG11a
100 _9536
_aGabuyo, Yonardo A.
245 _aAssessment of learning II:
_btextbook and reviewer/
_cYonardo A. Gabuyo and Gary C. Dy.
260 _aManila:
_bRex Bookstore,
_cc2013.
300 _ax, 180 pages;
_c25 cm.
365 _b302.00
_cPhp
500 _aIncludes bibliographical references and index.
650 0 _9538
_aEducational test & measurement
650 0 _9539
_aEducation
_xAssessment test
650 0 _9540
_aEducational measurement and evaluation
700 _9541
_aGary C. Dy
942 _2ddc
_cDFIL
999 _c256
_d256